[Event "Tourn. n9719"]
[Site "www.chess-mail.com"]
[Date "2018.02.20"]
[Round "1"]
[White "Caroluigi"]
[Black "Cristiano"]
[WhiteElo "1610"]
[BlackElo "1770"]
[Result "1-0"]
[Round "1"]
1.e4 e5
2.Ng1f3 Nb8c6
3.Bf1c4 Ng8f6
4.Nb1c3 Bf8e7
5.O-O O-O
6.Rf1e1 d6
7.h3 a6
8.d4 exd4
9.Nf3xd4 Bc8d7
10.Bc1f4 Nc6e5
11.Bc4b3 b5
12.Nd4f3 Ne5g6
13.Bf4h2 Bd7e6
14.Nc3d5 Nf6d7
15.Qd1d2 Nd7c5
16.Nf3d4 Nc5xb3
17.axb3 Be6d7
18.c4 c5
19.Nd4f5 b4
20.Nf5xe7 Ng6xe7
21.Nd5xe7 Qd8xe7
22.Bh2xd6 Qe7e6
23.Bd6xf8 Kxf8
24.Qd2d5 Qe6c6
25.Re1d1 Ke7
26.Ra1a5 Ra8c8
27.Qd5xc6 Rc8xc6
28.Rd1d5 Rc6g6
29.Rd5h5 Rg6d6
30.Rh5d5 Rd6g6
31.Rd5xc5 Bd7xh3
32.Rc5g5 Bh3c8
33.Rg5xg6 hxg6
34.Ra5c5 Kd7
35.f4 Bc8b7
36.e5 Bb7e4
37.Rc5a5 Be4b7
38.Ra5a4 Ke6
39.Ra4xb4 { resign }
1-0

[Event "Tourn. n9705"]
[Site "www.chess-mail.com"]
[Date "2018.02.20"]
[Round "1"]
[White "Sociopath"]
[Black "Rons"]
[WhiteElo "2209"]
[BlackElo "2700"]
[Result "1-0"]
[Round "1"]
1.e4 c5
2.Ng1f3 d6
3.d4 cxd4
4.Nf3xd4 Ng8f6
5.Nb1c3 a6
6.Bc1e3 e5
7.Nd4b3 Bc8e6
8.Qd1d2 Bf8e7
9.O-O-O Nf6g4
10.g3 Nb8d7
11.f4 b5
12.Kb1 Ng4xe3
13.Qd2xe3 Qd8b6
14.Qe3f3 Nd7f6
15.Nc3d5 Be6xd5
16.exd5 O-O
17.g4 exf4
18.g5 Nf6d7
19.Qf3xf4 f6
20.h4 Nd7e5
21.g6 Ne5xg6
22.Qf4f5 Qb6e3
23.h5 Ng6e5
24.Qf5e6 Rf8f7
25.Nb3d4 Be7f8
26.Bf1d3 f5
27.Nd4xf5 Qe3c5
28.Rh1e1 Ra8a7
29.a3 Ra7d7
30.Re1f1 b4
31.Nf5d4 Qc5b6
32.Nd4c6 bxa3
33.b3 Ne5g4
34.Qe6xg4 { resign }
1-0

[Event "Tourn. n9736"]
[Site "www.chess-mail.com"]
[Date "2018.02.20"]
[Round "1"]
[White "Falcoale"]
[Black "Louis"]
[WhiteElo "1960"]
[BlackElo "1990"]
[Result "0-1"]
[Round "1"]
1.e4 f6
2.d4 d5
3.exd5 Qd8xd5
4.Nb1c3 Qd5f7
5.Bc1f4 c6
6.Ng1f3 g5
7.Bf4e3 Ng8h6
8.h3 Nh6f5
9.Bf1e2 h5
10.O-O g4
11.Nf3h2 gxh3
12.g3 Nf5xe3
13.fxe3 Qf7g6
14.Be2d3 Qg6xg3
{ resign }
0-1

[Event "Tourn. n9720"]
[Site "www.chess-mail.com"]
[Date "2018.02.20"]
[Round "1"]
[White "Caroluigi"]
[Black "Cal"]
[WhiteElo "1510"]
[BlackElo "1530"]
[Result "1-0"]
[Round "1"]
1.e4 e5
2.Ng1f3 d6
3.Bf1c4 h6
4.Nb1c3 Ng8f6
5.O-O Bc8g4
6.Rf1e1 a6
7.h3 Bg4xf3
8.Qd1xf3 b5
9.Bc4b3 Bf8e7
10.Nc3d5 Nf6xd5
11.Bb3xd5 c6
12.Qf3xf7 Kd7
13.Bd5e6 Kc7
14.Qf7xg7 a5
15.d3 Nb8a6
16.Bc1xh6 Kb7
17.Bh6g5 Kb6
18.Bg5xe7 Qd8b8
19.Be7g5 Ra8a7
20.Bg5e3 c5
21.Qg7g4 Na6b4
22.Qg4e2 Ra7g7
23.b3 Rh8xh3
24.Be6xh3 Qb8h8
25.Kh2 Nb4c6
26.a4 b4
27.Re1h1 Nc6e7
28.d4 Qh8e8
29.dxc5 dxc5
30.Ra1d1 Qe8h8
31.Qe2b5 Kc7
32.Rd1d7 Kc8
33.Qb5b7 
1-0

[Event "Match"]
[Site "www.echecsemail.com"]
[Date "2018.02.20"]
[Round "1"]
[White "Whitekknight"]
[Black "Orae"]
[WhiteElo "1970"]
[BlackElo "1760"]
[Result "1-0"]
[Round "1"]
1.e4 e5
2.Ng1f3 Nb8c6
3.Bf1c4 h6
4.Nb1c3 Bf8c5
5.O-O Ng8f6
6.h3 d6
7.d3 Bc8e6
8.Bc4b5 a6
9.Bb5xc6 bxc6
10.Rf1e1 Qd8b8
11.Bc1e3 Bc5b4
12.Be3d2 Bb4c5
13.Ra1b1 Qb8b6
14.Qd1e2 Bc5b4
15.a3 Bb4c5
16.Nc3a4 Qb6a7
17.Na4xc5 Qa7xc5
18.Rb1c1 g5
19.b4 Qc5b5
20.Bd2e3 Qb5a4
21.d4 Qa4xa3
22.dxe5 Nf6xe4
23.Rc1b1 Ne4c3
24.Qe2d2 Nc3xb1
25.Re1xb1 Be6a2
26.Rb1a1 Qa3b2
27.Be3d4 Qb2a3
28.exd6 Rh8g8
29.Qd2e2 Kd8
30.Qe2e7 Kc8
31.Qe7xc7 { resign }
1-0

[Event "Match"]
[Site "www.echecsemail.com"]
[Date "2018.02.20"]
[Round "1"]
[White "Sonny1000"]
[Black "Muderfuger"]
[WhiteElo "1580"]
[BlackElo "1499"]
[Result "1-0"]
[Round "1"]
1.e4 e5
2.Ng1f3 Nb8c6
3.c3 Qd8f6
4.Bf1c4 d5
5.Bc4xd5 Bc8e6
6.Bd5b3 b5
7.a4 bxa4
8.Bb3xa4 Be6d7
9.Ba4xc6 Bd7xc6
10.Ra1a5 Bc6xe4
11.Ra5xe5 Kd7
12.Qd1a4 c6
13.Qa4d4 Bf8d6
14.Nf3g5 Be4xg2
15.Rh1g1 c5
16.Qd4a4 Kc7
17.Qa4a5 Kc8
18.Re5e8 Kb7
19.Qa5b5 Kc7
20.Re8xa8 Bg2xa8
21.d3 Bd6xh2
22.Qb5xc5 Ba8c6
23.Qc5xa7 Bc6b7
24.Qa7a5 Kc8
25.Qa5c5 Kb8
26.Rg1g4 Ng8h6
27.Rg4a4 Rh8e8
28.Bc1e3 Re8e5
29.Qc5f8 Kc7
30.Ra4c4 Kd7
31.Qf8b8 Re5b5
32.Qb8xh2 Rb5xg5
33.Be3xg5 Qf6xg5
34.Qh2c7 Ke6
35.Nb1d2 Bb7h1
36.Qc7b6 Ke7
37.Rc4c7 Ke8
38.Qb6b8 Qg5d8
39.Rc7c8 Qd8xc8
40.Qb8xc8 Ke7
41.Qc8h8 Nh6g4
42.Qh8xg7 Ng4h2
43.Qg7e5 Kf8
44.Qe5h8 Ke7
45.Qh8e5 Kf8
46.Qe5xh2 Bh1c6
47.Qh2d6 Kg7
48.Qd6xc6 h5
49.Nd2f3 f5
50.b4 f4
51.Qc6c7 Kg6
52.Qc7xf4 h4
53.Qf4g5 Kf7
54.Qg5xh4 Kf8
55.Qh4h8 Ke7
56.b5 Kd7
57.Qh8h2 Kc8
58.Nf3d4 Kb7
59.Qh2h6 Kb8
60.Nd4c6 Kb7
61.Qh6h7 Kb6
62.c4 Kc5
63.Qh7a7 Kd6
64.Qa7e7 { resign }
1-0

[Event "Match"]
[Site "www.echecsemail.com"]
[Date "2018.02.20"]
[Round "1"]
[White "Billyg"]
[Black "Coraza8091"]
[WhiteElo "1770"]
[BlackElo "1540"]
[Result "1-0"]
[Round "1"]
1.e4 e5
2.Ng1f3 Nb8c6
3.d4 exd4
4.Nf3xd4 Bf8b4
5.c3 Bb4c5
6.Nd4xc6 Bc5xf2
7.Kxf2 Qd8f6
8.Kg1 bxc6
9.Qd1e1 Ng8e7
10.e5 Qf6e6
11.Nb1d2 O-O
12.Bf1c4 d5
13.Bc4b3 Ne7f5
14.c4 d4
15.c5 Qe6g6
16.Bb3c2 Rf8d8
17.h3 Nf5e3
18.Bc2xg6 hxg6
19.Qe1f2 Rd8d5
20.Nd2e4 Bc8f5
21.Bc1xe3 Bf5xe4
22.Ra1f1 Ra8f8
23.Be3xd4 a5
24.e6 Be4f5
25.g4 Bf5xe6
26.Rf1e1 Rd5g5
27.Qf2f4 f6
28.Re1xe6 Kf7
29.Re6xc6 Rf8e8
30.Rc6xf6 gxf6
31.Qf4xf6 { resign }
1-0

[Event "Match"]
[Site "www.echecsemail.com"]
[Date "2018.02.20"]
[Round "1"]
[White "Carazo"]
[Black "Iko"]
[WhiteElo "1830"]
[BlackElo "1640"]
[Result "1-0"]
[Round "1"]
1.Ng1f3 Nb8c6
2.e4 e5
3.Bf1b5 Ng8e7
4.Nb1c3 a6
5.Bb5xc6 Ne7xc6
6.O-O Bf8b4
7.d3 Bb4xc3
8.bxc3 O-O
9.Bc1a3 d6
10.Ra1b1 Bc8g4
11.h3 Bg4xf3
12.Qd1xf3 Rf8e8
13.Rb1xb7 Nc6a5
14.Rb7b1 c5
15.Rf1d1 Re8e6
16.d4 cxd4
17.cxd4 exd4
18.Rd1xd4 Na5c6
19.Rd4d5 Qd8e7
20.Rb1e1 Ra8b8
21.Qf3g3 Nc6e5
22.f4 Re6g6
23.Qg3f2 Ne5c4
24.Ba3c1 Rb8b4
25.a3 Rb4a4
26.e5 dxe5
27.fxe5 h5
28.e6 Rg6xe6
29.Re1f1 Re6f6
30.Rd5f5 g6
31.Rf5xf6 Nc4e5
32.Bc1f4 Qe7xf6
33.Bf4xe5 Qf6xe5
34.Qf2xf7 Kh8
35.Qf7f8 Kh7
36.Rf1f7 Qe5g7
37.Qf8xg7 
1-0

[Event "1/128 Finale"]
[Site "www.chess-mail.com"]
[Date "2018.02.20"]
[Round "1"]
[White "Begory"]
[Black "Zack1984"]
[WhiteElo "1590"]
[BlackElo "1809"]
[Result "0-1"]
[Round "1"]
1.d4 Ng8f6
2.c4 g6
3.Bc1f4 Bf8g7
4.e3 c5
5.d5 Nf6e4
6.f3 Bg7xb2
7.Nb1a3 Qd8a5
8.Ke2 Ne4c3
{ resign }
0-1

[Event "Tourn. n9669"]
[Site "www.chess-mail.com"]
[Date "2018.02.22"]
[Round "1"]
[White "Orhany24"]
[Black "Apdash"]
[WhiteElo "2110"]
[BlackElo "2280"]
[Result "1/2-1/2"]
[Round "1"]
1.e4 e6
2.d4 d5
3.exd5 exd5
4.Ng1f3 Bc8g4
5.Bf1e2 Ng8f6
6.O-O Bf8e7
7.h3 Bg4h5
8.Bc1g5 Nb8d7
9.c4 dxc4
10.Be2xc4 O-O
11.Nb1c3 c6
12.Rf1e1 Nf6d5
13.Bg5xe7 Nd5xe7
14.Qd1d3 Bh5g6
15.Qd3e3 Rf8e8
16.Qe3g5 Nd7b6
17.Bc4b3 h6
18.Qg5g4 Qd8d6
19.Ra1d1 Nb6d5
20.h4 Nd5f6
21.Qg4h3 Bg6f5
22.Qh3h2 Ra8d8
23.Nf3e5 Bf5e6
24.Bb3xe6 fxe6
25.Nc3e4 Nf6xe4
26.Re1xe4 c5
27.h5 cxd4
28.Re4xd4 Qd6xd4
29.Rd1xd4 Rd8xd4
30.Qh2g3 Re8d8
31.Ne5g6 Ne7f5
32.Qg3e5 Rd4d6
33.g3 Nf5d4
34.Kg2 Nd4c6
35.Qe5b5 Rd8d7
36.Ng6e5 Nc6xe5
37.Qb5xe5 a6
38.g4 Rd6c6
39.g5 hxg5
40.Qe5xg5 Rd7d5
41.Qg5g6 Kf8
42.h6 gxh6
43.Qg6xh6 Ke8
44.Qh6h8 Kd7
45.b4 Kc7
46.a4 Kb6
47.Qh8b8 a5
48.b5 Rc6c4
49.Qb8e8 Rd5d6
50.Qe8e7 Rc4d4
51.f4 Rd4d3
52.Qe7g5 Rd3a3
53.Qg5e5 Ra3d3
54.Kf2 Rd3d5
55.Qe5e3 { draw }
1/2-1/2

[Event "Tourn. n9553"]
[Site "www.chess-mail.com"]
[Date "2018.02.22"]
[Round "1"]
[White "Sahlapalat"]
[Black "Julian"]
[WhiteElo "1499"]
[BlackElo "1660"]
[Result "1-0"]
[Round "1"]
1.Ng1f3 d6
2.g3 e5
3.c4 Ng8f6
4.Bf1g2 Bf8e7
5.O-O O-O
6.Nb1c3 Bc8e6
7.d3 c6
8.Bc1d2 Nb8d7
9.Ra1b1 Qd8c7
10.b4 Ra8d8
11.Rb1c1 d5
12.cxd5 cxd5
13.Nc3xd5 Nf6xd5
14.Rc1xc7 Nd5xc7
15.Bd2c3 Nc7d5
16.Bc3a1 Be7f6
17.a3 Rd8c8
18.Qd1d2 Rf8d8
19.Rf1c1 Nd7b6
20.Rc1xc8 Rd8xc8
21.Ba1xe5 Bf6xe5
22.Nf3xe5 Kf8
23.Ne5c4 Nb6xc4
24.dxc4 Nd5f6
25.Qd2d6 Ke8
26.Bg2xb7 Rc8d8
27.Bb7c6 Be6d7
28.e4 { resign }
1-0

[Event "Tourn. n9630"]
[Site "www.chess-mail.com"]
[Date "2018.02.22"]
[Round "1"]
[White "Tartan"]
[Black "Darko10"]
[WhiteElo "2560"]
[BlackElo "2800"]
[Result "0-1"]
[Round "1"]
1.e4 e5
2.Ng1f3 Nb8c6
3.Bf1b5 a6
4.Bb5a4 Ng8f6
5.O-O Bf8e7
6.Rf1e1 b5
7.Ba4b3 O-O
8.c3 d6
9.h3 Bc8b7
10.d4 Rf8e8
11.Nb1d2 exd4
12.cxd4 Nf6d7
13.Nd2f1 Nc6a5
14.Bb3c2 Be7f6
15.Nf1g3 g6
16.a4 c5
17.Bc1f4 Bf6g7
18.axb5 axb5
19.Qd1d3 Na5c4
20.Ra1xa8 Qd8xa8
21.b3 Nc4a3
22.Bc2d1 cxd4
23.Bf4xd6 Qa8a5
24.Bd1e2 Nd7e5
25.Bd6xe5 Bg7xe5
26.Re1c1 Be5f4
27.Rc1d1 Re8d8
28.Ng3f1 Qa5a8
29.Nf1d2 b4
30.h4 Bb7c6
31.g3 Bc6b5
32.Nd2c4 Na3xc4
33.bxc4 Bb5c6
34.Nf3d2 Bf4xd2
35.Qd3xd2 b3
{ resign }
0-1

[Event "Tourn. n9711"]
[Site "www.chess-mail.com"]
[Date "2018.02.22"]
[Round "1"]
[White "Aniruddhadg"]
[Black "Jose"]
[WhiteElo "2420"]
[BlackElo "2830"]
[Result "1/2-1/2"]
[Round "1"]
1.c4 Ng8f6
2.g3 g6
3.Bf1g2 Bf8g7
4.Nb1c3 O-O
5.e4 c5
6.d3 d6
7.Ng1e2 Nb8c6
8.O-O Ra8b8
9.h3 a6
10.a4 Nf6e8
11.Bc1e3 b5
12.axb5 axb5
13.Nc3xb5 Ne8c7
14.Nb5a7 Nc6xa7
15.Ra1xa7 Rb8xb2
16.Be3d2 Nc7e6
17.Bd2a5 Qd8e8
18.Ba5c3 Bg7xc3
19.Ne2xc3 Ne6d4
20.Qd1a1 Rb2b3
21.Ra7a2 Bc8b7
22.Rf1b1 Rb3xb1
23.Qa1xb1 Bb7c6
24.h4 Qe8b8
25.Ra2b2 Qb8a7
26.Kh2 Qa7a8
27.Nc3b5 { draw }
1/2-1/2

[Event "Tourn. n9602"]
[Site "www.chess-mail.com"]
[Date "2018.02.22"]
[Round "1"]
[White "Hundegana"]
[Black "Claymil"]
[WhiteElo "2060"]
[BlackElo "2090"]
[Result "1-0"]
[Round "1"]
1.e4 c5
2.Bf1c4 e6
3.Ng1f3 Nb8c6
4.c3 g6
5.O-O Bf8g7
6.d3 h6
7.a4 Ng8e7
8.Rf1e1 Qd8c7
9.g3 O-O
10.Kg2 a6
11.Bc1e3 b6
12.Qd1d2 Kh7
13.Bc4b3 Bc8b7
14.Nb1a3 Nc6a5
15.Bb3c2 d5
16.e5 Ne7f5
17.Be3f4 g5
18.Bf4e3 d4
19.cxd4 cxd4
20.Be3xg5 hxg5
21.Qd2xg5 Qc7e7
22.Qg5h5 Bg7h6
23.g4 Nf5g7
24.Qh5h3 Qe7g5
25.Kf1 Bb7xf3
26.Qh3xf3 Ra8c8
27.Bc2d1 Na5c6
28.Na3c4 Qg5d8
29.h3 b5
30.axb5 axb5
31.Nc4d6 Rc8c7
32.Nd6xb5 Rc7c8
33.Nb5d6 Nc6xe5
34.Qf3e4 Ne5g6
35.Nd6xc8 Qd8xc8
36.Re1e2 Qc8c5
37.Re2c2 Qc5e5
38.Qe4g2 Bh6g5
39.Rc2e2 Qe5d6
40.Re2c2 Ng6f4
41.Qg2g3 e5
42.h4 Bg5e7
43.b3 Qd6f6
44.g5 Qf6f5
45.Rc2d2 f6
46.Bd1g4 Qf5g6
47.Ra1a7 Qg6f7
48.b4 Qf7e8
49.gxf6 Be7xf6
50.Bg4f5 Kh8
51.Bf5e4 Nf4h5
52.Qg3g4 Nh5f4
53.h5 Nf4xh5
54.Be4g6 Qe8b8
55.Ra7xg7 Nh5xg7
56.Qg4h3 { resign }
1-0

[Event "Tourn. n9716"]
[Site "www.chess-mail.com"]
[Date "2018.02.22"]
[Round "1"]
[White "Falcoale"]
[Black "Estonia"]
[WhiteElo "1980"]
[BlackElo "2010"]
[Result "1-0"]
[Round "1"]
1.e4 e5
2.Ng1f3 Ng8f6
3.Nf3xe5 d6
4.Ne5f3 Bc8g4
5.h3 Bg4xf3
6.Qd1xf3 Nb8c6
7.c3 Nc6e5
8.Qf3d1 Nf6xe4
9.d3 Ne4f6
10.d4 Ne5g6
11.Bf1d3 Bf8e7
12.O-O Qd8d7
13.Nb1a3 a6
14.f4 O-O-O
15.b4 Nf6d5
16.Bc1d2 f5
17.Qd1c2 Rd8f8
18.c4 Nd5b6
19.c5 dxc5
20.dxc5 Qd7d4
21.Kh1 Nb6d5
22.Ra1b1 Kb8
23.Rb1e1 Nd5xb4
24.Bd2xb4 Qd4xb4
25.Na3c4 Qb4xc5
26.Nc4e5 Ng6xe5
27.Qc2xc5 Be7xc5
28.Re1xe5 Bc5d6
29.Re5xf5 Rf8xf5
30.Bd3xf5 g6
31.Bf5g4 h5
32.Bg4e6 Rh8f8
33.g3 g5
34.f5 Bd6xg3
35.f6 Bg3e5
36.f7 h4
37.Kg2 Be5f4
38.Kf3 c6
39.Kg4 Kc7
40.Rf1d1 c5
41.Rd1d7 Kc6
42.Rd7e7 b5
43.Re7e8 Bf4d6
44.Kxg5 Rf8xf7
45.Be6xf7 { resign }
1-0

[Event "Tourn. n9678"]
[Site "www.chess-mail.com"]
[Date "2018.02.22"]
[Round "1"]
[White "Julian"]
[Black "Passaroa25"]
[WhiteElo "1720"]
[BlackElo "1680"]
[Result "1-0"]
[Round "1"]
1.e4 Nb8c6
2.d4 e6
3.Ng1f3 d6
4.Nb1c3 f6
5.Bf1b5 Ng8e7
6.Bc1e3 Ne7g6
7.O-O Bf8e7
8.e5 dxe5
9.d5 O-O
10.dxc6 b6
11.Qd1e2 Be7c5
12.Be3xc5 bxc5
13.Ra1d1 Ng6f4
14.Qe2c4 Qd8e7
15.Rd1d2 a6
16.Bb5a4 Rf8d8
17.Rf1d1 Rd8xd2
18.Rd1xd2 Nf4d5
19.Nc3xd5 exd5
20.Qc4xd5 Bc8e6
21.Qd5e4 g6
22.Ba4b3 Be6xb3
23.cxb3 Kg7
24.Rd2d7 Qe7xd7
25.cxd7 Ra8d8
26.Nf3xe5 fxe5
27.Qe4xe5 Kh6
28.Qe5e7 Rd8xd7
29.Qe7xd7 { resign }
1-0

[Event "Tourn. n9676"]
[Site "www.chess-mail.com"]
[Date "2018.02.22"]
[Round "1"]
[White "Pachi"]
[Black "Julian"]
[WhiteElo "1610"]
[BlackElo "1740"]
[Result "0-1"]
[Round "1"]
1.e4 c5
2.c3 d5
3.Qd1a4 Nb8c6
4.Bf1b5 e6
5.Bb5xc6 bxc6
6.exd5 exd5
7.Qa4xc6 Bc8d7
8.Qc6xd5 Ng8f6
9.Qd5e5 Bf8e7
10.d4 cxd4
11.cxd4 O-O
12.d5 Rf8e8
13.Bc1e3 Be7b4
14.Qe5c3 Bb4xc3
15.Nb1xc3 Qd8a5
16.O-O-O Re8c8
17.Ng1e2 Nf6e4
18.Be3d2 Ne4xd2
19.Kxd2 Bd7a4
20.Rd1c1 Ra8b8
21.b3 Ba4b5
22.Ne2d4 Bb5d7
23.Rh1e1 g6
24.Re1e7 Bd7e8
25.g3 Rc8xc3
26.Rc1xc3 Qa5xa2
27.Rc3c2 Qa2a1
28.Kd3 Be8b5
29.Ke3 Bb5f1
30.d6 Qa1e1
31.Nd4e2 Rb8xb3
32.Kd4 Bf1xe2
33.d7 Rb3d3
34.Ke5 Be2d1
35.Kf4 Qe1xe7
36.Rc2c7 Rd3d4
{ resign }
0-1

[Event "Tourn. n9669"]
[Site "www.chess-mail.com"]
[Date "2018.02.22"]
[Round "1"]
[White "Sahlapalat"]
[Black "Fantomas"]
[WhiteElo "2060"]
[BlackElo "2210"]
[Result "1-0"]
[Round "1"]
1.d4 d5
2.c4 e6
3.Nb1c3 Ng8f6
4.cxd5 exd5
5.Bc1g5 Bf8e7
6.e3 h6
7.Bg5h4 Bc8e6
8.Bf1d3 c6
9.Ng1f3 O-O
10.O-O Qd8d7
11.Nf3e5 Qd7d8
12.Bd3c2 g5
13.Bh4g3 Kg7
14.Ra1b1 Rf8h8
15.b4 Qd8c8
16.b5 b6
17.a4 cxb5
18.Nc3xb5 a6
19.Nb5c7 Ra8a7
20.Nc7xe6 Qc8xe6
21.Qd1f3 Be7d8
22.Rf1c1 Nb8d7
23.Bc2f5 Qe6e8
24.Rc1c8 Ra7c7
25.Rc8a8 Nd7xe5
26.Bg3xe5 Qe8c6
27.Ra8xa6 Qc6c1
28.Qf3d1 Qc1xd1
29.Rb1xd1 Rc7c4
30.h3 Rh8e8
31.Rd1b1 Re8e7
32.a5 Re7b7
33.Rb1b5 Bd8c7
34.axb6 Bc7xe5
35.dxe5 { resign }
1-0

[Event "Tourn. n9637"]
[Site "www.chess-mail.com"]
[Date "2018.02.22"]
[Round "1"]
[White "Vios"]
[Black "Rons"]
[WhiteElo "2250"]
[BlackElo "2680"]
[Result "0-1"]
[Round "1"]
1.d4 Ng8f6
2.Ng1f3 g6
3.Bc1g5 Bf8g7
4.Nb1d2 O-O
5.c3 d6
6.e4 c5
7.dxc5 dxc5
8.Bf1c4 Nb8c6
9.O-O Nc6a5
10.Bc4e2 Bc8e6
11.Bg5f4 h6
12.Nf3e5 Ra8c8
13.Qd1c2 g5
14.Bf4g3 Qd8b6
15.f4 gxf4
16.Bg3xf4 c4
17.Rf1f2 Rf8d8
18.Nd2f1 Na5c6
19.Bf4e3 Qb6a6
20.Ne5xc6 Rc8xc6
21.Nf1g3 Nf6g4
22.Be2xg4 Be6xg4
23.Ng3f5 Bg4xf5
24.exf5 Rd8d3
25.Qc2e2 Rc6d6
26.Ra1e1 Rd6d5
27.Qe2g4 Kh7
28.h4 Bg7e5
29.Rf2f3 Rd3d1
30.Rf3f1 Rd1xe1
31.Rf1xe1 Be5g7
32.f6 Qa6xf6
33.Qg4xc4 Rd5e5
34.Re1f1 b5
35.Qc4d3 Qf6g6
36.Qd3xg6 Kxg6
 { time }
0-1

[Event "Tourn. n9739"]
[Site "www.chess-mail.com"]
[Date "2018.02.22"]
[Round "1"]
[White "Sefj"]
[Black "Caspito"]
[WhiteElo "1809"]
[BlackElo "1950"]
[Result "1-0"]
[Round "1"]
1.e4 e5
2.Nb1c3 Ng8f6
3.d3 Bf8b4
4.Bc1d2 Bb4xc3
5.Bd2xc3 Nb8c6
6.d4 Nf6xe4
7.dxe5 Ne4xc3
8.bxc3 O-O
9.f4 Rf8e8
10.Bf1c4 Nc6xe5
11.Bc4e2 Ne5g6
12.g3 d5
13.Qd1d3 c5
14.O-O-O d4
15.h3 Qd8d5
16.Ng1f3 Qd5xa2
17.cxd4 b6
18.Qd3b5 Re8xe2
19.Qb5xe2 c4
20.Qe2e8 Ng6f8
21.Nf3g5 Qa2a1
22.Kd2 c3
23.Ke3 Qa1a2
24.d5 Bc8b7
25.Qe8xf7 Kh8
26.Qf7xb7 Ra8e8
27.Kf3 Qa2xc2
28.Ng5f7 Kg8
29.Nf7e5 Qc2f5
30.g4 Qf5f6
31.Rh1e1 Nf8g6
32.Ne5xg6 hxg6
33.Re1xe8 Kh7
34.Qb7c8 { resign }
1-0

[Event "Tourn. n9672"]
[Site "www.chess-mail.com"]
[Date "2018.02.22"]
[Round "1"]
[White "Prize64"]
[Black "Orhany24"]
[WhiteElo "2180"]
[BlackElo "2110"]
[Result "1-0"]
[Round "1"]
1.e4 c5
2.Ng1f3 Nb8c6
3.Nb1c3 d6
4.d4 cxd4
5.Nf3xd4 a6
6.Bc1e3 Bc8d7
7.Bf1e2 e5
8.Nd4b3 Ng8f6
9.f3 Bf8e7
10.O-O O-O
11.Kh1 h6
12.a4 Qd8c7
13.Qd1e1 Kh7
14.Qe1g3 Nf6h5
15.Qg3f2 f5
16.Nc3d5 Qc7d8
17.Be3b6 Qd8e8
18.Nd5c7 Qe8g6
19.Nc7xa8 Rf8xa8
20.exf5 Qg6f7
21.Be2d3 Bd7xf5
22.Bd3xf5 { resign }
1-0

[Event "Tourn. n9651"]
[Site "www.chess-mail.com"]
[Date "2018.02.22"]
[Round "1"]
[White "Cal"]
[Black "Pachi"]
[WhiteElo "1630"]
[BlackElo "1640"]
[Result "1-0"]
[Round "1"]
1.Ng1f3 Ng8f6
2.d4 b6
3.Bc1f4 d6
4.Nb1c3 Bc8g4
5.Nf3g5 h6
6.Ng5f3 Bg4xf3
7.exf3 g5
8.Bf4g3 c5
9.a3 Nb8c6
10.h3 h5
11.d5 Nc6e5
12.Bg3xe5 dxe5
13.Bf1e2 g4
14.fxg4 hxg4
15.h4 Rh8h5
16.b3 e4
17.g3 Nf6xd5
18.Nc3xe4 f5
19.Ne4d2 Nd5c3
20.Qd1c1 Qd8d5
21.Rh1g1 Bf8h6
22.Be2d3 Nc3e4
23.f4 gxf3
24.Nd2xf3 Bh6xc1
25.Ra1xc1 a6
26.Rc1d1 Qd5e6
27.Bd3c4 Ne4c3
28.Bc4xe6 Nc3xd1
29.Kxd1 Ra8d8
30.Kc1 b5
31.Nf3g5 Kf8
32.Rg1f1 c4
33.Rf1xf5 Kg7
34.Rf5f7 Kh8
35.Rf7xe7 cxb3
36.cxb3 Rd8d3
37.Ng5f7 Kg7
38.Nf7g5 Kf6
39.Re7e8 a5
40.Be6f7 Rh5h6
41.Re8e6 Kg7
42.Re6e5 Rh6c6
43.Kb2 Rd3d2
44.Kb1 Rd2d1
45.Kb2 Rc6c1
46.Bf7h5 Rd1e1
47.Re5xb5 Rc1b1
48.Kc2 Re1c1
49.Kd2 Rc1d1
50.Bh5xd1 a4
51.b4 Rb1a1
52.Ng5e6 Kf6
53.Ne6g5 Ra1xa3
54.g4 Ra3h3
55.Ng5xh3 { resign }
1-0

[Event "Tourn. n9658"]
[Site "www.chess-mail.com"]
[Date "2018.02.22"]
[Round "1"]
[White "Bronstein70"]
[Black "Rons"]
[WhiteElo "2420"]
[BlackElo "2700"]
[Result "0-1"]
[Round "1"]
1.e4 c5
2.f4 d5
3.exd5 Qd8xd5
4.Nb1c3 Qd5d8
5.Bf1b5 Bc8d7
6.Ng1f3 e6
7.Qd1e2 Nb8c6
8.f5 Bf8e7
9.Bb5xc6 bxc6
10.O-O exf5
11.d3 Ng8f6
12.Rf1e1 Ra8b8
13.Ra1b1 Bd7e6
14.Nf3g5 Be6c8
15.Bc1f4 Rb8b7
16.Qe2f3 O-O
17.Qf3xc6 Nf6h5
18.Re1xe7 Rb7xe7
19.Bf4d6 Bc8b7
20.Qc6xc5 Re7d7
21.Bd6xf8 Qd8xg5
22.g3 Qg5d2
23.Qc5f2 Qd2xf2
24.Kxf2 Kxf8
25.Nc3e2 Rd7d6
26.Rb1e1 Rd6h6
27.h4 f4
28.gxf4 Nh5f6
29.c4 Rh6xh4
30.Ke3 h5
31.b4 Rh4h3
32.Kd4 Rh3f3
33.b5 h4
34.c5 h3
35.c6 Bb7c8
36.a4 Bc8f5
{ resign }
0-1

[Event "Tourn. n9645"]
[Site "www.chess-mail.com"]
[Date "2018.02.22"]
[Round "1"]
[White "Falcoale"]
[Black "Sahlapalat"]
[WhiteElo "1820"]
[BlackElo "1960"]
[Result "0-1"]
[Round "1"]
1.e4 c5
2.Ng1f3 d6
3.Bf1c4 e6
4.O-O Nb8c6
5.a3 Ng8f6
6.Rf1e1 Qd8c7
7.d3 Bf8e7
8.Bc1f4 O-O
9.Bf4g3 e5
10.c3 Bc8e6
11.Nb1d2 a6
12.Bc4a2 b5
13.b3 Ra8d8
14.Qd1c1 Nf6h5
15.Bg3h4 Be7xh4
16.Nf3xh4 Nh5f4
17.Qc1c2 Qc7e7
18.Nh4f5 Qe7g5
19.Nf5g3 h5
20.Nd2f3 Qg5g6
21.Nf3h4 Qg6g4
22.Nh4f5 h4
23.f3 Qg4g5
24.Nf5xh4 Qg5xh4
25.Ng3f5 Qh4g5
26.Nf5g3 Rf8e8
27.Ra1d1 d5
28.Qc2f2 d4
29.c4 b4
30.a4 Nc6e7
31.Ba2b1 Ne7g6
32.Kf1 Ng6h4
33.Rd1d2 Nh4xg2
34.Re1d1 Ng2e3
{ resign }
0-1

[Event "Tourn. n9741"]
[Site "www.chess-mail.com"]
[Date "2018.02.22"]
[Round "1"]
[White "Mitja"]
[Black "Fantomas"]
[WhiteElo "2080"]
[BlackElo "2280"]
[Result "0-1"]
[Round "1"]
1.d4 c6
2.e3 d5
3.c3 Bc8f5
4.h3 h6
5.Ng1e2 Ng8f6
6.Ne2g3 Bf5h7
7.Bf1d3 Bh7xd3
8.Qd1xd3 e6
9.e4 dxe4
10.Ng3xe4 Nb8d7
11.Ne4xf6 Qd8xf6
12.Nb1d2 Qf6e7
13.Nd2f3 Qe7d6
14.Qd3e2 O-O-O
15.Bc1e3 g5
16.O-O-O Bf8g7
17.g4 Qd6d5
18.Kb1 Rh8e8
19.Nf3e5 Qd5e4
20.Ne5d3 f5
21.Kc1 f4
22.f3 Qe4xe3
23.Qe2xe3 fxe3
24.Rh1e1 e5
25.Re1xe3 exd4
26.Re3xe8 Rd8xe8
27.cxd4 Bg7xd4
28.b3 Re8e2
29.Rd1e1 Re2xe1
30.Nd3xe1 Nd7e5
31.Kd2 Bd4f2
32.Ke2 Bf2xe1
{ resign }
0-1

[Event "Tourn. n9703"]
[Site "www.chess-mail.com"]
[Date "2018.02.22"]
[Round "1"]
[White "Hundegana"]
[Black "Bojan"]
[WhiteElo "2010"]
[BlackElo "2050"]
[Result "0-1"]
[Round "1"]
1.e4 e5
2.h4 Bf8e7
3.Ng1f3 Nb8c6
4.Bf1b5 Be7f6
5.Bb5xc6 bxc6
6.c3 Bc8a6
7.d3 Ng8e7
8.Bc1g5 Ne7g6
9.Nb1d2 Ba6xd3
10.h5 Ng6f4
11.Bg5xf4 exf4
12.Nd2b3 Bd3xe4
13.Qd1e2 d5
14.Ra1d1 Qd8d6
15.Nb3d2 Qd6e7
16.Nd2xe4 dxe4
17.Nf3d4 c5
18.Qe2b5 Kf8
19.Nd4f5 Qe7e5
20.Qb5b7 Ra8e8
21.Rd1d5 Qe5e6
22.Rd5xc5 g6
23.hxg6 fxg6
24.Nf5h6 Bf6e5
25.a3 Kg7
26.Rc5c6 Qe6d7
27.Rc6c5 e3
28.fxe3 fxe3
29.Rc5d5 Qd7e7
30.Ke2 Re8b8
31.Qb7xa7 Rb8xb2
32.Kf3 e2
33.Nh6g4 Rh8f8
34.Ke4 Be5xc3
35.Kd3 Rf8f1
36.Kxc3 e1Q
37.Kxb2 Qe1a1
38.Kb3 Rf1xh1
39.Qa7d4 Qa1xd4
40.Rd5xd4 h5
41.Ng4f2 Qe7e3
42.Kc4 Rh1c1
43.Kd5 c6
44.Kd6 Qe3xd4
45.Kc7 Rc1f1
46.Nf2h3 Rf1f7
47.Kc8 Qd4d7
48.Kb8 Qd7b7

0-1

[Event "Tourn. n9709"]
[Site "www.chess-mail.com"]
[Date "2018.02.22"]
[Round "1"]
[White "Silent1"]
[Black "Scasan55"]
[WhiteElo "1960"]
[BlackElo "2010"]
[Result "1-0"]
[Round "1"]
1.d4 e6
2.c4 d5
3.e3 Ng8f6
4.Bf1d3 Bf8b4
5.Bc1d2 Bb4xd2
6.Qd1xd2 O-O
7.Ng1f3 Nb8d7
8.O-O dxc4
9.Bd3xc4 b6
10.Nb1c3 c5
11.dxc5 Nd7xc5
12.Qd2xd8  { time }
1-0

[Event "Tourn. n9615"]
[Site "www.chess-mail.com"]
[Date "2018.02.22"]
[Round "1"]
[White "Ejner"]
[Black "Comrade"]
[WhiteElo "2400"]
[BlackElo "2340"]
[Result "0-1"]
[Round "1"]
1.d4 d5
2.Ng1f3 e6
3.c4 dxc4
4.e3 Ng8f6
5.Bf1xc4 c5
6.O-O Nb8c6
7.Nb1c3 cxd4
8.exd4 Bf8e7
9.a3 O-O
10.Rf1e1 a6
11.Bc1g5 b5
12.Bc4b3 Bc8b7
13.Qd1d3 h6
14.Bg5h4 Nf6h5
15.Bh4g3 Nh5xg3
16.hxg3 Nc6a5
17.Bb3c2 g6
18.Re1xe6 Be7f6
19.Re6e2 Bb7xf3
20.Qd3xf3 Bf6xd4
21.Ra1d1 Qd8f6
22.Qf3xf6 Bd4xf6
23.Nc3d5 Bf6xb2
24.Bc2xg6 Bb2xa3
25.Bg6e4 Ra8d8
26.Rd1a1 b4
27.g4 Na5b3
28.Ra1d1 Kg7
29.Be4c2 Nb3c5
30.Re2e3 Rf8e8
31.Re3xe8 Rd8xe8
32.Nd5e3 b3
33.Bc2b1 a5
34.Rd1d6 b2
35.g3 Nc5e4
36.Rd6d3 Re8c8
{ resign }
0-1

[Event "Match"]
[Site "www.echecsemail.com"]
[Date "2018.02.22"]
[Round "1"]
[White "Raulazo"]
[Black "Bjonil60"]
[WhiteElo "1820"]
[BlackElo "1460"]
[Result "1-0"]
[Round "1"]
1.Ng1f3 Nb8c6
2.e4 e6
3.d4 d6
4.d5 Nc6e7
5.Nb1c3 e5
6.Bf1b5 Bc8d7
7.Qd1e2 c6
8.dxc6 bxc6
9.Bb5a4 Ng8f6
10.Qe2a6 h6
11.O-O c5
12.Qa6xd6 Ne7c8
13.Qd6xe5 Bf8e7
14.Rf1d1 O-O
15.Qe5g3 g5
16.Bc1xg5 hxg5
17.Nf3xg5 Nf6h5
18.Qg3h4 Be7xg5
19.Qh4xh5 f6
20.Qh5g6 Kh8
21.Ba4b3 Qd8e7
22.Qg6h5 Kg7
23.Bb3d5 Ra8b8
24.b3 a5
25.Rd1e1 Rf8h8
26.Qh5e2 Nc8b6
27.Ra1d1 Nb6xd5
28.Nc3xd5 Qe7e5
29.g3 Rh8h3
30.f4 Bg5xf4
31.Nd5xf4 Rh3h8
32.Rd1xd7 Kf8
33.Nf4g6 Kg8
34.Ng6xe5 fxe5
35.Qe2c4 Kf8
36.Qc4f7 
1-0

[Event "Match"]
[Site "www.echecsemail.com"]
[Date "2018.02.22"]
[Round "1"]
[White "Apdash"]
[Black "Pwain"]
[WhiteElo "2260"]
[BlackElo "2480"]
[Result "0-1"]
[Round "1"]
1.e4 e6
2.f4 d5
3.e5 d4
4.Ng1f3 Nb8c6
5.Bf1b5 Bc8d7
6.Bb5xc6 Bd7xc6
7.d3 Ng8e7
8.Nb1d2 Ne7f5
9.Nd2b3 Bf8b4
10.Kf2 Bb4e7
11.Rh1e1 a5
12.Bc1d2 a4
13.Nb3c1 Be7h4
14.g3 Bh4e7
15.c3 Be7c5
16.c4 Nf5e3
17.Bd2xe3 dxe3
18.Kg2 f6
19.Nc1e2 g5
20.fxg5 fxg5
21.g4 O-O
22.Re1f1 Qd8d7
23.d4 Rf8xf3
24.Rf1xf3 Ra8f8
25.d5 Rf8xf3
26.Kxf3 exd5
27.Kg3 Qd7e6
28.Ra1b1 h5
29.gxh5 Qe6xe5
30.Kg2 Qe5e4
31.Kg1 d4
{ resign }
0-1